<?xml version="1.0" encoding="UTF-8"?>
<record
    xmlns:xsi="http://www.w3.org/2001/XMLSchema-instance"
    xsi:schemaLocation="http://www.loc.gov/MARC21/slim http://www.loc.gov/standards/marcxml/schema/MARC21slim.xsd"
    xmlns="http://www.loc.gov/MARC21/slim">

  <leader>00620nam a22001697a 4500</leader>
  <controlfield tag="003">GBCCL</controlfield>
  <controlfield tag="005">20251127115247.0</controlfield>
  <controlfield tag="008">180702b           ||||| |||| 00| 0 eng d</controlfield>
  <datafield tag="040" ind1=" " ind2=" ">
    <subfield code="c">gbc</subfield>
  </datafield>
  <datafield tag="082" ind1=" " ind2=" ">
    <subfield code="a">220.5204</subfield>
    <subfield code="b">BIB</subfield>
  </datafield>
  <datafield tag="245" ind1=" " ind2=" ">
    <subfield code="a">The Holy Bible containing the Old and New Testaments:</subfield>
    <subfield code="b">Translated out of the original tongues: being the version set forth A.D. 1611: compared with the most ancient authorities  and revised A.D. 1811-1885</subfield>
  </datafield>
  <datafield tag="250" ind1=" " ind2=" ">
    <subfield code="a">Standard edition</subfield>
  </datafield>
  <datafield tag="260" ind1=" " ind2=" ">
    <subfield code="b">Thomas Nelson &amp; Sons,</subfield>
    <subfield code="a">Camden:</subfield>
    <subfield code="c">1929</subfield>
  </datafield>
  <datafield tag="300" ind1=" " ind2=" ">
    <subfield code="a">xiv, 969, xvi,295 p.;</subfield>
    <subfield code="c">24 p.;2</subfield>
  </datafield>
  <datafield tag="650" ind1=" " ind2=" ">
    <subfield code="a">Bible</subfield>
    <subfield code="x">English</subfield>
    <subfield code="9">12272</subfield>
  </datafield>
  <datafield tag="942" ind1=" " ind2=" ">
    <subfield code="2">ddc</subfield>
    <subfield code="c">REF</subfield>
  </datafield>
  <datafield tag="999" ind1=" " ind2=" ">
    <subfield code="c">6871</subfield>
    <subfield code="d">6871</subfield>
  </datafield>
  <datafield tag="952" ind1=" " ind2=" ">
    <subfield code="0">0</subfield>
    <subfield code="1">0</subfield>
    <subfield code="2">ddc</subfield>
    <subfield code="4">0</subfield>
    <subfield code="7">0</subfield>
    <subfield code="a">GBC</subfield>
    <subfield code="b">GBC</subfield>
    <subfield code="c">BIB</subfield>
    <subfield code="d">2018-07-02</subfield>
    <subfield code="l">0</subfield>
    <subfield code="o">220.5204 BIB</subfield>
    <subfield code="p">010425</subfield>
    <subfield code="r">2025-05-01 00:00:00</subfield>
    <subfield code="t">c.1</subfield>
    <subfield code="w">2018-07-02</subfield>
    <subfield code="y">REF</subfield>
  </datafield>
</record>
